Paisajes en movimiento: de migraciones, desiertos, transposiciones y fugas
Збережено в:
| Автор: | |
|---|---|
| Формат: | Книга |
| Мова: | Іспанська |
| Опубліковано: |
Viña del Mar
Ediciones Altazor
2013
|
| Редагування: | 1a. ed |
| Серія: | Cuadernos de Poesía, 9
|
| Предмети: | |
| Теги: |
Додати тег
Немає тегів, Будьте першим, хто поставить тег для цього запису!
|
MARC
| LEADER | 00000cam a2200000 a 4500 | ||
|---|---|---|---|
| 001 | UCF8682 | ||
| 003 | CL-VaPUC | ||
| 008 | 130930e20130700cl |||||||||||||||||spa|d | ||
| 020 | |a 9789569205156 | ||
| 082 | 0 | 4 | |a Ch861 |b HOL |2 21 |
| 100 | |a Holas Véliz, Sergio |e author |9 570824 | ||
| 245 | 1 | 0 | |a Paisajes en movimiento: de migraciones, desiertos, transposiciones y fugas |
| 250 | |a 1a. ed | ||
| 300 | |a 57 p | ||
| 942 | |c BK | ||
| 945 | |d 20130930 13:19:00 |a dcastane | ||
| 260 | |a Viña del Mar |b Ediciones Altazor |c 2013 | ||
| 650 | 0 | |a Poesías chilenas |9 265280 | |
| 650 | 0 | |a Literatura chilena |9 308278 | |
| 583 | |a last modification |c 20150924 21:40:48 |k Rodrigo Vera | ||
| 490 | 0 | |a Cuadernos de Poesía, 9 | |
| 999 | |c 353249 |d 353247 | ||
| 952 | |0 0 |1 0 |3 erb |4 0 |6 CH_861_000000000000000_HOL_2013 |7 0 |8 A |9 458344 |a BIBEDU |b BIBEDU |c ES_NOD |d 2019-11-23 |i 501266K |o Ch861 HOL 2013 |p 501266K |r 2023-08-09 |w 2019-11-23 |y BK |z Catalogado en:20130930 |k LIT | ||